Plan de contingencia para el fortalecimiento del ICE: resumen. Principios para el proyecto de ley. Logros de la Representación Social en la Comisión Especial Mixta del ICE. ¿Cómo quiero que sea el ICE? Principios para el fortalecimiento del ICE
Spremljeno u:
| Autor kompanije: | |
|---|---|
| Format: | Tekst |
| Izdano: |
San José :
|
| Oznake: |
Dodaj oznaku
Bez oznaka, Budi prvi tko označuje ovaj zapis!
|
MARC
| LEADER | 00000 a a2200000 04500 | ||
|---|---|---|---|
| 001 | 12160 | ||
| 003 | |||
| 040 | |a CRAI/IIS |c CRAI/IIS | ||
| 090 | |a 142200 | ||
| 110 | |a Comisión Especial Mixta del ICE. Representación Social | ||
| 245 | |a Plan de contingencia para el fortalecimiento del ICE: resumen. Principios para el proyecto de ley. Logros de la Representación Social en la Comisión Especial Mixta del ICE. ¿Cómo quiero que sea el ICE? Principios para el fortalecimiento del ICE | ||
| 260 | |a San José : | ||
| 300 | |a 15, 4, 7 p | ||
| 999 | |c 17693 |d 17693 | ||
